[Event "IECG TE.2005.S.01806"]
[Site "IECG email"]
[Date "2006.05.05"]
[Round "?"]
[White "Korchut, Adam"]
[Black "Bardos, Istvan"]
[Result "0-1"]
[WhiteElo "2189"]
[BlackElo "2231"]
[PlyCount "94"]
[EventDate "2006.05.05"]
[EventType "tourn (corr)"]
[EventRounds "2"]
[SourceTitle "Corr 2008"]
[Source "ChessBase"]
[SourceDate "2008.06.24"]
[SourceVersion "1"]
[SourceVersionDate "2008.06.24"]
[SourceQuality "1"]

1. d4 Nf6 2. c4 c5 3. d5 b5 4. Nf3 g6 5. Nbd2 Bg7 6. e4 0-0 7. cxb5 Bb7 8. Bd3 a6 9. Qc2 axb5 10. Qxc5 Na6 11. Qxb5 Qc7 12. Rb1 Rfb8 13. Qc4 Nc5 14. Bf1 Rc8 15. a3 Qb6 16. e5 Nxd5 17. Be2 Ne6 18. Qb5 Qa7 19. g3 Rab8 20. Qb3 Nc3 21. bxc3 Bxf3 22. Nxf3 Rxb3 23. Rxb3 Qa4 24. Rb4 Qa8 25. 0-0 Rxc3 26. Kg2 g5 27. Rd1 h5 28. h3 Bxe5 29. Bb2 Rc5 30. Bxe5 Rxe5 31. Rdb1 Kg7 32. Rb8 Qd5 33. R8b5 Nc5 34. Rxc5 Qxc5 35. Nxe5 Qxe5 36. Bf3 g4 37. hxg4 hxg4 38. Bb7 Qc3 39. Rb5 f6 40. a4 Qc4 41. Rb1 Qxa4 42. Kg1 f5 43. Bg2 e6 44. Bf1 d5 45. Rb7+ Kf6 46. Rb6 d4 47. Rb8 e5 0-1

[Event "IECG TE.2005.S.01806"]
[Site "IECG email"]
[Date "2006.05.05"]
[Round "?"]
[White "Westbrook, Jonathan"]
[Black "Bardos, Istvan"]
[Result "0-1"]
[WhiteElo "631"]
[BlackElo "2231"]
[PlyCount "50"]
[EventDate "2006.05.05"]
[EventType "tourn (corr)"]
[EventRounds "2"]
[SourceTitle "Corr 2008"]
[Source "ChessBase"]
[SourceDate "2008.06.24"]
[SourceVersion "1"]
[SourceVersionDate "2008.06.24"]
[SourceQuality "1"]

1. d4 Nf6 2. c4 c5 3. d5 b5 4. Nf3 Bb7 5. cxb5 Bxd5 6. Nc3 Bb7 7. e3 e6 8. Bd3 d5 9. Ne5 Bd6 10. Nf3 e5 11. Bc2 e4 12. Nd2 a6 13. bxa6 Bxa6 14. b3 0-0 15. Ba3 Be5 16. Bb2 Qa5 17. Na4 Bxb2 18. Nxb2 Nc6 19. a3 Ne5 20. b4 cxb4 21. axb4 Qxb4 22. Rb1 Qa3 23. Nb3 Rfb8 24. Qd4 Rxb3 25. Bxb3 Qxb3 0-1

[Event "IECG TE.2005.P.02008"]
[Site "IECG email"]
[Date "2005.12.19"]
[Round "?"]
[White "Jentoft, Hilmar"]
[Black "Bardos, Istvan"]
[Result "0-1"]
[WhiteElo "891"]
[BlackElo "2243"]
[PlyCount "54"]
[EventDate "2005.12.19"]
[EventType "tourn (corr)"]
[EventRounds "8"]
[SourceTitle "Corr 2008"]
[Source "ChessBase"]
[SourceDate "2008.06.24"]
[SourceVersion "1"]
[SourceVersionDate "2008.06.24"]
[SourceQuality "1"]

1. e4 e5 2. Nf3 Nc6 3. c3 Nf6 4. d4 d6 5. d5 Nb8 6. Qc2 a5 7. a4 c6 8. c4 Na6 9. Nc3 Nb4 10. Qd1 g6 11. Be2 Bg7 12. 0-0 0-0 13. Bg5 h6 14. Bxf6 Qxf6 15. Re1 Qe7 16. Qd2 c5 17. h3 Kh7 18. Nh2 h5 19. Ra3 f5 20. Bd3 f4 21. Nb5 Bd7 22. f3 Bf6 23. Nf1 Bh4 24. Rd1 Rf7 25. Be2 Rg8 26. Kh2 Bf2 27. Bd3 Qh4 0-1